| 000 | 01214cam a2200349 a 4500 | ||
|---|---|---|---|
| 005 | 20260322212004.0 | ||
| 008 | data | ||
| 010 | _a 80007828 | ||
| 020 |
_a087044364X : _c{dollar}6.95 |
||
| 020 |
_a0870443690 (lib. bdg.) : _c{dollar}8.50 |
||
| 020 |
_a9780870443640 : _c{dollar}6.95 |
||
| 020 |
_a9780870443695 (lib. bdg.) : _c{dollar}8.50 |
||
| 040 |
_aDLC _cDLC _dDLC |
||
| 043 |
_al------ _an-us--- _al------ |
||
| 050 | 0 | 0 |
_aF106 _b.M85 |
| 082 | 0 | 0 |
_a975/.00942 _219 |
| 092 | _a975 M85 1981 | ||
| 100 | 1 | _aMorrison, H. Robert. | |
| 245 | 1 | 0 |
_aAmerica's Atlantic isles / _cH. Robert Morrison, Christine Eckstrom Lee & National Geographic Society (U.S.). |
| 260 |
_aWashington, D.C. : _bThe Society, _cc1981. |
||
| 300 |
_a199 p. : _bcol. ill. ; _c26 cm. |
||
| 500 | _aIncludes index. | ||
| 504 | _aBibliography: p. 199. | ||
| 600 | 1 | 0 | _aMorrison, H. Robert. |
| 650 | 0 |
_aIslands _zAtlantic Coast (U.S.) |
|
| 650 | 0 |
_aIslands _zMaritime Provinces. |
|
| 651 | 0 |
_aAtlantic Coast (U.S.) _xDescription and travel. |
|
| 651 | 0 |
_aMaritime Provinces _xDescription and travel. |
|
| 700 | 1 | _aLee, Christine Eckstrom. | |
| 710 | 2 |
_aNational Geographic Society (U.S.). _bSpecial Publications Division. |
|
| 001 | data | ||
| 999 |
_c40 _d40 |
||